000 01640cam a22003735a 4500
999 _c329439
_d329439
001 15351672
003 Nust
005 20171116112418.0
008 080702s2008 pk b 000 0 urd
010 _a 2008310992
020 _a9789694164007
025 _aP-U-2008310992 ; 10 ; 11
040 _aDLC
_cDLC
042 _alcode
043 _aaz-----
050 0 0 _aPK2199.I65
_bZ5885 2008
066 _c(3
_c(4
082 _a891.43101
_bAWA
100 1 _6880-01
_aAʻvān, Irshād Shākir.
_994
245 1 0 _6880-02
_aBayān-i Iqbāl :
_bnayā tanāẓur /
_cIrshād Shākir Aʻvān.
260 _6880-03
_aLāhore :
_bIqbāl Acādamī Pākistān,
_c2008.
300 _a206 p. ;
_c23 cm.
504 _aIncludes bibliographical references (p. 203-206).
520 _aCritical study on some unique aspects of the thoughts of Sir Muhammad Iqbal, 1877-1938, Urdu and Persian poet and South Asian philosopher.
546 _aIn Urdu.
600 1 0 _6880-04
_aIqbal, Muhammad,
_cSir,
_d1877-1938
_xCriticism and interpretation.
_96
710 2 _6880-05
_aIqbal Academy (Lahore, Pakistan)
_98
880 1 _6100-01/(3/r‏
_a‏اعوان، ارشاد شاکر.
880 1 0 _6245-02/(3/r‏
_a‏بيان اقبال :‏
_b‏نيا تناظر /‏
_c‏ارشاد شاکر اعوان.
880 _6260-03/(3/r‏
_a‏لاهور :‏
_b‏اقبال اکادمى پاکستان،‏
_c‏‪2008‬.
880 1 4 _6600-04/(3/r‏
_a‏اقبال، محمد،‏
_d‏1877-1938.
880 2 _6710-05/(3/r‏
_a‏اقبال اکادمى پاکستان.
906 _a7
_bibc
_corigode
_d3
_encip
_f20
_gy-nonroman
942 _2ddc
_cBK